Statistiche per Guerre e ribellioni del Risorgimento italiano

Clicka qui per fare il quiz!

Statistiche generali

  • Questo quiz è stato fatto 45 volte
  • Il punteggio medio è 6 su 15

Statistiche sulle risposte

HintRisposta% Corretto
1848Cinque giornate di Milano
75%
1870Presa di Roma
69%
1848-49Prima guerra d'indipendenza italiana
69%
1859Seconda guerra d'indipendenza italiana
69%
1849Insurrezione della Repubblica romana
63%
1866Terza guerra d'indipendenza italiana
59%
1860Spedizione dei Mille
56%
1848-49Insurrezione della Repubblica di San Marco
28%
1849Dieci giornate di Brescia
19%
1867Campagna dell'Agro Romano per la liberazione di Roma
16%
1853-56Guerra di Crimea
16%
1849Invasione austriaca della Toscana
9%
1860Campagna piemontese in Italia centrale
6%
1860Insurrezione lucana
6%
1848Rivoluzione siciliana del 1848
3%

Distribuzione punteggi

Percentile per numero di risposta

Percentuale di utenti per punteggio

I tuoi punteggi nel tempo

Non hai fatto questo quiz